Pays d'Amérique du Nord avec une carte vierge - Statistiques

Statistiques générales
  • Ce quiz a été pris 3 047 fois
  • Le résultat moyen est 19 sur 23
Réponses sur la Carte
Les réponses sont colorées sur une échelle allant du rouge au vert en fonction du pourcentage des utilisateurs qui les ont devinées à leur premier essai. Vous pouvez retrouver ces pourcentages ci-dessous.
 
Statistiques - réponses
Pays % Correct
Canada
100%
États-Unis
99%
Mexique
99%
Cuba
93%
Panama
90%
Honduras
89%
Costa Rica
88%
Haïti
87%
Jamaïque
86%
Nicaragua
86%
Guatemala
85%
Belize
83%
République Dominicaine
82%
Salvador
81%
Bahamas
78%
Sainte-Lucie
76%
Dominique
75%
Barbade
74%
Saint-Vincent-et-les Grenadines
74%
Antigua-et-Barbuda
73%
Saint-Christophe-et-Niévès
71%
Grenade
70%
Trinité-et-Tobago
69%
Aucun quiz correspondant
Distribution des résultats
% des personnes avec chaque résultat
Percentile par nombre de réponses
Votre historique - résultats
Vous n’avez pas pris ce quiz